Vowel Ending US States Quiz Stats

 Plays Quiz Updated Jan 11, 2016

Challenge
Share
Tweet
Embed
Score 0/34 Timer 03:00
20 Plays Today
State % Correct
California
95.9%
Florida
94.5%
North Dakota
92.8%
South Dakota
92.5%
North Carolina
92.3%
South Carolina
92%
Alabama
91.3%
Georgia
91%
Alaska
90.2%
Ohio
89.9%
Maine
88.7%
Virginia
88.3%
Hawaii
88.1%
Mississippi
87.5%
Arizona
86.5%
Iowa
85.9%
West Virginia
84.9%
State % Correct
New Mexico
84.8%
Idaho
84.7%
Montana
83.5%
Colorado
83.5%
Tennessee
82.2%
Indiana
82.1%
Louisiana
81.7%
Pennsylvania
79.7%
Nevada
79.7%
Missouri
79.7%
Oklahoma
78.8%
Delaware
77.8%
New Hampshire
77.5%
Nebraska
76.8%
Minnesota
76.7%
Kentucky
71.3%
New Jersey
64.5%

You're not logged in!

Compare scores with friends on all Sporcle quizzes.
Join for Free
OR
Log In

You Might Also Like...

Show Comments

Extras

Top Quizzes Today


Score Distribution

Your Account Isn't Verified!

In order to create a playlist on Sporcle, you need to verify the email address you used during registration. Go to your Sporcle Settings to finish the process.

Report this User

Report this user for behavior that violates our Community Guidelines.

Details: